000 00440nam a2200145Ia 4500
008 231129s1999||||xx |||||||||||||| ||spa||
020 _a968-20-0270-2
040 _bspa
082 _a192.3 G633d
100 _aGómez Alvarez José Enrique
245 0 _aEn defensa del cristianismo: la actitud apologética de George Berkeley
260 _c1999
264 _aPublicaciones Cruz O
942 _2ddc
_cBKS
999 _c12857
_d12857